The Albatross lyrics - Statistics

General Stats
  • This quiz has been taken 8 times
  • The average score is 198 of 244
Answer Stats
Lyrics % Correct
A
100%
a
100%
albatross,
100%
albatross
100%
all
100%
an
100%
And
100%
and
100%
are
100%
he
100%
I
100%
in
100%
is
100%
said
100%
she
100%
She
100%
She's
100%
the
100%
The
100%
They
100%
they
100%
when
100%
you
100%
You
100%
your
100%
You're
100%
about
80%
annoints
80%
any
80%
bad
80%
been
80%
but
80%
by
80%
candle"
80%
chose
80%
Cross
80%
cross
80%
dagger
80%
death
80%
destroy
80%
devil
80%
Devils
80%
dreams
80%
garden"
80%
grata,
80%
heart
80%
heart,
80%
her
80%
here
80%
him
80%
how
80%
I'd
80%
it
80%
kills
80%
know
80%
less
80%
liquor
80%
Locked
80%
me
80%
men
80%
my
80%
name
80%
non
80%
now
80%
on
80%
once
80%
"One
80%
one
80%
Only
80%
other
80%
persona
80%
rose
80%
scandal
80%
seed
80%
sharpen"
80%
sky
80%
So
80%
temptress,
80%
that
80%
there
80%
thoughtless
80%
to
80%
too
80%
towers
80%
tried
80%
up
80%
visit
80%
warn
80%
"Wild
80%
winds
80%
Wise
80%
angel
60%
at
60%
believed
60%
Cautions
60%
conceive
60%
couldn't
60%
crossed
60%
danger
60%
fake
60%
fire
60%
from
60%
hell
60%
I'll
60%
I'm
60%
issued,
60%
I've
60%
life
60%
like
60%
looks
60%
matters
60%
messengers
60%
more
60%
news
60%
none
60%
of
60%
parachute
60%
rains
60%
raise
60%
read
60%
rescue
60%
shooting
60%
spread
60%
stood
60%
stranger
60%
swept
60%
tell
60%
terrible
60%
than
60%
them
60%
this
60%
were
60%
wings
60%
bed,
40%
their
40%
dragged
20%
hackles
20%
Jackals
20%
sleeping
20%
soundly
20%
No matching quizzes found
Score Distribution
Percent of People with Each Score
Percentile by Number Answered
Your Score History
You have not taken this quiz